Zhodnotenie organizačnej štruktúry špecializovaného závodu PSV v podmienkach pozemného staviteľstva záverečná práca postgraduálneho štúdia

Saved in:
Bibliographic Details
Main Author: Mráz, Jozef
Corporate Author: Vysoká škola ekonomická v Bratislave
Other Authors: Chodasová, Alena
Format: Book
Language:Slovak
Published: Bratislava 1987
Tags: Add Tag
No Tags, Be the first to tag this record!

MARC

LEADER 00000nam a2200000 4500
001 c028100
005 20260108080040.9
041 0 |a slo 
044 |a SK 
245 1 0 |a Zhodnotenie organizačnej štruktúry špecializovaného závodu PSV v podmienkach pozemného staviteľstva  |b záverečná práca postgraduálneho štúdia  |c Jozef Mráz ; Ved. práce Alena Chodasová 
264 1 |a Bratislava  |c 1987 
300 |a 50 s. 
100 1 |a Mráz, Jozef 
700 1 |a Chodasová, Alena 
710 2 |a Vysoká škola ekonomická v Bratislave